000 01044nam a22003137c 4500
001 59135
003 CO-BoRNBP
005 20250911201548.0
007 ta
008 140923b ck||||| |||| 00| 0 spa d
020 _a978958865467
040 _aCO-BoRNBP
_bspa
_erda
_cCO-BoRNBP
041 _aspa
084 _aC
100 _aBierce, Ambrose Gwinnet,
_d1842-1914
_eaut
_91046
245 1 0 _a99 fábulas fantásticas /
_cAmbrose Bierce ; ilustraciones Carlos Nine ; Selección y traducción de Marcial Souto.
250 _a1a. edición
264 1 _aBogotá, Colombia :
_bLibros del Zorro Rojo,
_c2014
300 _a95 páginas :
_bilustraciones en color
336 _atexto
_btxt
_2rdacontent
337 _asin mediación
_bn
_2rdamedia
338 _avolumen
_bnc
_2rdacarrier
500 _aIncluye biografía del autor y del ilustrador
650 0 0 _aFabulas
_ySiglo XIX
_2LEMB
_963979
650 0 4 _aLiteratura estadounidense
_2LEMB
_9762
700 _aSouto, Marcial
_etrl
700 1 _aNine, Carlos
_d1944-
_964873
942 _2loc
_cBKLIT
_n0
999 _c59135
_d59135